Autómatas programables (Record no. 14239)
[ view plain ]
| 000 -CABECERA | |
|---|---|
| campo de control de longitud fija | 01913nam a2200301 4500 |
| 003 - IDENTIFICADOR DEL NÚMERO DE CONTROL | |
| campo de control | EC-UNACH |
| 005 - FECHA Y HORA DE LA ÚLTIMA TRANSACCIÓN | |
| campo de control | 20251203122248.0 |
| 006 - CÓDIGOS DE INFORMACIÓN DE LONGITUD FIJA--CARACTERÍSTICAS DEL MATERIAL ADICIONAL | |
| campo de control de longitud fija | s||||gr|||| 00| 00 |
| 008 - DATOS DE LONGITUD FIJA--INFORMACIÓN GENERAL | |
| campo de control de longitud fija | 150116t9999 mx r gr 000 0 spa d |
| 020 ## - NÚMERO INTERNACIONAL ESTÁNDAR DEL LIBRO | |
| Número Internacional Estándar del Libro | 970-15-0247-7 |
| 040 ## - FUENTE DE LA CATALOGACIÓN | |
| Centro catalogador/agencia de origen | EC-UNACH |
| Centro/agencia transcriptor | EC-UNACH |
| 041 ## - CÓDIGO DE LENGUA | |
| Código de lengua del texto/banda sonora o título independiente | spa |
| 082 04 - NÚMERO DE LA CLASIFICACIÓN DECIMAL DEWEY | |
| Número de edición | 23 |
| Número de clasificación | 338.45 |
| Número de documento/Ítem | L018411 |
| 110 ## - ENTRADA PRINCIPAL--NOMBRE DE ENTIDAD CORPORATIVA | |
| Nombre de entidad corporativa o nombre de jurisdicción como elemento de entrada | Alfaomega |
| 245 ## - MENCIÓN DE TÍTULO | |
| Título | Autómatas programables |
| 250 ## - MENCIÓN DE EDICIÓN | |
| Mención de edición | Primera edición |
| 264 ## - Producción, publicación, distribución, fabricación y copyright | |
| Lugar de producción, publicación, distribución, fabricación | Mexico |
| Nombre del de productor, editor, distribuidor, fabricante | Alfaomega |
| Fecha de de producción, publicación, distribución, fabricación o copyright | S/N |
| 300 ## - DESCRIPCIÓN FÍSICA | |
| Extensión | 439 |
| 505 ## - NOTA DE CONTENIDO CON FORMATO | |
| Nota de contenido con formato | PARTE I: AUTOMATIZACIÓN: CONCEPTOS GENERALES<br/>1. Introducción al control industrial<br/>2. Diseño de automatismos lógicos<br/>3. Diseño de automatismos con señales analógicas<br/>PARTE II: EL AUTÓMATA PROGRAMABLE<br/>4. Arquitectura interna del autómata<br/>5. Ciclo de funcionamiento del autómata y control en tiempo real<br/>6. Configuración del autómata<br/>7. Sensores y actuadores<br/>8. Interfaces de entrada/salida<br/>9. Interfaces específicas<br/>10. Programación del autómata<br/>11. Programación de bloques funcionales<br/>12. Estructuras de programación<br/>13. Equipos de programación y servicio de los API<br/>PARTE III: REDES DE AUTÓMATAS<br/>14. Conceptos generales de comunicaciones digitales<br/>15. Redes de comunicación industriales<br/>16. Ordenadores industriales compatibles PC<br/>17. Aplicaciones de los PC industriales<br/>PARTE IV: EL AITÓMATA EN SU ENTORNO<br/>18. Instalación y mantenimiento de autómatas programabas<br/>ANEXOS<br/>Anexo I. Principios de álgebra lógica<br/>Anexo II. Códigos y sistemas de numeración<br/>Anexo III. Autómatas y redes comerciales<br/>Anexo IV. Normalización y niveles de protección de equipos industriales<br/> |
| 650 ## - PUNTO DE ACCESO ADICIONAL DE MATERIA--TÉRMINO DE MATERIA | |
| Término de materia o nombre geográfico como elemento inicial | SISTEMAS DE CONTROL |
| 650 ## - PUNTO DE ACCESO ADICIONAL DE MATERIA--TÉRMINO DE MATERIA | |
| Término de materia o nombre geográfico como elemento inicial | MODELOS Y FUNCIONES |
| 650 ## - PUNTO DE ACCESO ADICIONAL DE MATERIA--TÉRMINO DE MATERIA | |
| Término de materia o nombre geográfico como elemento inicial | OPERACIONES BASICAS |
| 700 ## - PUNTO DE ACCESO ADICIONAL--NOMBRE DE PERSONA | |
| Nombre de persona | Josep Balcells / José Luis Romeral |
| 942 ## - ELEMENTOS DE PUNTO DE ACCESO ADICIONAL (KOHA) | |
| Fuente del sistema de clasificación o colocación | Clasificación Decimal Dewey |
| Tipo de ítem Koha | Libros |
| 999 ## - NÚMEROS DE CONTROL DE SISTEMA (KOHA) | |
| Koha biblionumber | 14239 |
| Estado de pérdida | Fuente del sistema de clasificación o colocación | Estado dañado | No para préstamo | Localización permanente | Ubicación/localización actual | Ubicación en estantería | Fecha de adquisición | Fuente de adquisición | Número de inventario | Total de préstamos | Signatura topográfica completa | Código de barras | Fecha visto por última vez | Fecha del último préstamo | Precio válido a partir de | Tipo de ítem Koha | Centro de costos |
|---|---|---|---|---|---|---|---|---|---|---|---|---|---|---|---|---|---|
| Clasificación Decimal Dewey | Biblioteca Campus Norte | Biblioteca Campus Norte | Facultad de Ingeniería - Generalidades | 03/12/2025 | Transitoria segunda Resolución N°0311-CU-UNACH-SE-ORD-16-09-24 | 39933370 | 1 | 338.45 BAL L018411 | L018411 | 09/04/2026 | 09/04/2026 | 03/12/2025 | Libros |